Geography Quiz

Random Geography or City Quiz

US Capitals by Letter-Number Combination Quiz Stats

 Plays Quiz Updated Feb 19, 2017

Support Sporcle.
Go Orange.
Score 0/16 Timer 03:00
1 Play Today
Letter-Number Combination State Capital % Correct
I-12Indianapolis
85.9%
T-11Tallahassee
83.9%
D-5Dover
82.2%
S-5Salem
76.4%
J-13Jefferson City
72.9%
F-9Frankfort
69.4%
A-9Annapolis
69.3%
H-6Helena
66.1%
Letter-Number Combination State Capital % Correct
P-6Pierre
63%
O-7Olympia
62.3%
B-8Bismarck
61.2%
L-10Little Rock
55.3%
R-8Richmond
54.2%
C-7Concord
51.9%
N-9Nashville
51.4%
M-7Madison
51.3%

You're not logged in!

Compare scores with friends on all Sporcle quizzes.
OR
Log In
Forgot?

From the Vault

Combination Lock: Sounds of the Seventies

by rockgolf

It's time to brush up on those burglar skills.
Remove Ads.
Support Sporcle.
Get the best of Sporcle when you Go Orange. This ad-free experience offers more features, more stats, and more fun while also helping to support Sporcle. Thank you for becoming a member.

Show Comments

Extras

Top Quizzes Today


Score Distribution

Your Account Isn't Verified!

In order to create a playlist on Sporcle, you need to verify the email address you used during registration. Go to your Sporcle Settings to finish the process.

Report this User

Report this user for behavior that violates our Community Guidelines.

Details: